Sneham Kamam Bhranthu_Malayalam (Record no. 38094)

MARC details
000 -LEADER
fixed length control field 01848nam a22001937a 4500
020 ## - INTERNATIONAL STANDARD BOOK NUMBER
ISBN 9789356433496
082 ## - DEWEY DECIMAL CLASSIFICATION NUMBER
Classification number 920 JOS
100 ## - MAIN ENTRY--AUTHOR NAME
Personal name Joseph Annamkutty Jose
245 ## - TITLE STATEMENT
Title Sneham Kamam Bhranthu_Malayalam
250 ## - EDITION STATEMENT
Edition statement 1
260 ## - PUBLICATION, DISTRIBUTION, ETC. (IMPRINT)
Name of publisher DC Books
Place of publication Kottayam
Year of publication 2025
300 ## - PHYSICAL DESCRIPTION
Number of Pages Number of pages : 296
500 ## - GENERAL NOTE
General note Category : Short Stories, Articles & Jottings
520 ## - SUMMARY, ETC.
Summary, etc เดšเตเดฐเตเด™เตเด™เดฟเดฏเด•เดพเดฒเด‚เด•เตŠเดฃเตเดŸเต เด’เดฐเตเดฒเด•เตเดทเดคเตเดคเดฟเดฒเดงเดฟเด•เด‚ เด•เต‹เดชเตเดชเดฟเด•เตพ เดตเดฟเดฑเตเดฑเดดเดฟเดžเตเดž เดฆเตˆเดตเดคเตเดคเดฟเดจเตเดฑเต† เดšเดพเดฐเดจเตเดฎเดพเตผ เดŽเดจเตเดจ เดชเตเดธเตเดคเด•เดคเตเดคเดฟเดจเต เดถเต‡เดทเด‚ เดœเต‹เดธเดซเต เด…เดจเตเดจเด‚เด•เตเดŸเตเดŸเดฟ เดœเต‹เดธเดฟเดจเตเดฑเต† เดเดฑเตเดฑเดตเตเด‚ เดชเตเดคเดฟเดฏ เดชเตเดธเตเดคเด•เด‚. เด‰เดณเตเดณเดฟเตฝ เดชเดฟเดฑเดตเดฟเดฏเต†เดŸเตเดคเตเดค เด†เดถเดฏเด™เตเด™เดณเต† เดชเดšเตเดšเดฏเดพเดฏเดฟ เด…เดตเดคเดฐเดฟเดชเตเดชเดฟเด•เตเด•เตเดจเตเดจ เดˆ เดชเตเดธเตเดคเด•เดคเตเดคเดฟเดฒเต† เด“เดฐเต‹ เด•เดฅเด•เดณเดฟเดฒเต†เดฏเตเด‚ เด•เดฅเดพเดชเดพเดคเตเดฐเด™เตเด™เตพ เดจเดฎเตเด•เตเด•เตเดณเตเดณเดฟเดฒเตเดณเดณเดตเดฐเดพเด•เดพเด‚, เดจเดฎเตเด•เตเด•เต เดชเตเดฐเดฟเดฏเดชเตเดชเต†เดŸเตเดŸเดตเดฐเดพเด•เดพเด‚. เด‡เดคเดฟเดฒเต† เดšเดฟเดฒ เด•เดฅเดพเดชเดพเดคเตเดฐเด™เตเด™เดณเต† เดจเดฟเด™เตเด™เตพ เดจเต†เดžเตเดšเต‹เดŸเต เดšเต‡เตผเดคเตเดคเต‡เด•เตเด•เดพเด‚, เดšเดฟเดฒเตผ เดจเดฟเด™เตเด™เดณเดฟเดฒเต† เดญเตเดฐเดพเดจเตเดคเดฟเดจเต เด•เต‚เดŸเตเดŸเดพเดฏเดฟ เดฎเดพเดฑเดฟเดฏเต‡เด•เตเด•เดพเด‚, เดšเดฟเดฒเดฐเตเดŸเต† เดชเดพเดฆเด™เตเด™เดณเดฟเตฝ เดตเต€เดฃเต เดจเดฎเดธเตโ€Œเด•เดฐเดฟเดšเตเดšเต‡เด•เตเด•เดพเด‚, เดฎเดฑเตเดฑเต เดšเดฟเดฒเดฐเต† เดจเดฟเด™เตเด™เตพเด•เตเด•เต เดฎเดจเดธเตเดธเดฟเดฒเดพเด•เดพเดคเต† เดชเต‹เดฏเต‡เด•เตเด•เดพเด‚.
546 ## - LANGUAGE NOTE
Language note Language : Malayalam
650 ## - SUBJECT ADDED ENTRY--TOPICAL TERM
Topical Term GEN
942 ## - ADDED ENTRY ELEMENTS (KOHA)
Koha item type Text Book
952 ## - LOCATION AND ITEM INFORMATION (KOHA)
Damaged status
Not for loan
952 ## - LOCATION AND ITEM INFORMATION (KOHA)
Damaged status
Not for loan
Holdings
Withdrawn status Collection code Permanent Location Current Location Date acquired Source of acquisition Cost, normal purchase price Inventory number Full call number Accession Number Price effective from Koha item type
  GENERAL VAST Central Library VAST Central Library 25/11/2025 DC Bookshop,Thrissur 350.00 000729 920 JOS 38232 18/12/2025 Text Book
  GENERAL VAST Central Library VAST Central Library 25/11/2025 DC Bookshop,Thrissur 350.00 000729 920 JOS 38233 18/12/2025 Text Book